00571cam a2200193 a 4500020001500000040000800015082002600023100002700049245002300076250001200099260003500111300003800146650001300184650002200197700002300219700001900242856006200261856005400323 a0070122008 cDLC a590 HIL 2000 A008 Or.1 aHickman, Cleveland P.,10aAnimal diversity / a2nd ed. aBoston :bMcGraw-Hill,cc2000. axv, 429 p. :bcol. ill. ;c28 cm. 0aZoology. 0aAnimal diversity.1 aRoberts, Larry S.,1 aLarson, Allan.42uhttp://www.loc.gov/catdir/description/mh023/99014463.html41uhttp://www.loc.gov/catdir/toc/mh023/99014463.html